Name the Fat Albert and the Gang Quiz Stats

 Plays Quiz not verified by Sporcle

Challenge
Share
Tweet
Embed
Score 0/8 Timer 03:00
0 Plays Today
Charcter % Correct
Fat Albert
98.9%
Mushmouth
78.5%
Dumb Donald
61.9%
Weird Harold
55.8%
Russell
50.3%
Bucky
46.4%
Bill Cosby
43.6%
Rudy Davis
21.5%

You're not logged in!

Compare scores with friends on all Sporcle quizzes.
Join for Free
OR
Log In

You Might Also Like...

Show Comments

Extras

Created Jun 8, 2010ReportNominate
Tags:albert, character, fat, gang

Top Quizzes Today


Score Distribution

Your Account Isn't Verified!

In order to create a playlist on Sporcle, you need to verify the email address you used during registration. Go to your Sporcle Settings to finish the process.

Report this User

Report this user for behavior that violates our Community Guidelines.

Details: